| 000 | 00374nam a2200145Ia 4500 | ||
|---|---|---|---|
| 008 | 100122s9999 xx 000 0 und d | ||
| 082 |
_b38050 _a823 |
||
| 100 | _aHARMON S | ||
| 245 | _aWOMAN TODAY CONDENED BOOK | ||
| 260 |
_bDREAMLAND PUBLICATIONS _c1905 |
||
| 300 | _a498 | ||
| 630 | _aWOMAN TODAY CONDENED BOOK | ||
| 730 | _aWOMAN TODAY CONDENED BOOK | ||
| 942 | _cBOOK | ||
| 999 |
_c371821 _d371818 |
||